000 00347nam a2200121Ia 4500
005 20260328104255.0
008 260328s9999||||xx |||||||||||||| ||und||
100 _aUsón Guardiola, Ezequiel
245 0 _aLa Nueva Sensibilidad Ambiental /
_cEzequiel Usón Guardiola
260 _bClipmèdia Edicions
650 _aARQUITECTURA CIVIL
942 _cBK
999 _c10402
_d10402